000 00310 a2200097 4500
100 1 _aKochanek, Vaclav.
_eAutor
245 0 _aMerici pristroje pro sdelovaci techniku /
_cKochanek Vaclav.
250 _aVyd.2 preprac..
710 2 _aTESLA-Strasnice.
_eWydawca
_4pbl
260 _aPraha :
_bTESLA-Strasnice,
_c1971.
300 _a412 s.;
_c24 cm.
999 _c7798
_d7798